000
00223nam a22000857a 4500
008
160804b xxu||||| |||| 00| 0 eng d
100
_9
32
_a
James H
245
_a
A book of Quotations
260
_a
New Delhi
_b
Rohan Publications
_c
2005
999
_c
2683
_d
2683